| 000 | 00737nam a22002177a 4500 | ||
|---|---|---|---|
| 003 | OSt | ||
| 005 | 20230928090151.0 | ||
| 008 | 221006b |||||||| |||| 00| 0 eng d | ||
| 040 | _cBiblioteca Lado V | ||
| 082 |
_a757 _bS718p |
||
| 100 |
_91110 _aSoto, Cinthya _eautor |
||
| 245 |
_aPictografías/ _bLa indagación de lo real/ |
||
| 260 |
_bDesPacio Galería _c2010 _aMontevideo, Uruguay |
||
| 300 |
_c18x18cm _a7p. |
||
| 366 | _espa | ||
| 650 |
_2Tesauro de Arte & Arquitectura _aARTE _9703 |
||
| 650 |
_2Tesauro de Arte & Arquitectura _aPINTURA _9702 |
||
| 650 |
_2Tesauro de Arte & Arquitectura _aPICTOGRAFIA _9702 |
||
| 650 |
_2Tesauro de Arte & Arquitectura _aFIGURAS HUMANAS |
||
| 942 |
_2ddc _c1 _h757 _iS718p _n0 |
||
| 999 |
_c4401 _d4401 |
||